00416 2200157 4500001002100000008004100021035002000062245006100082260003500143300002200178084001400200082000800214650001200222990001200234990001200246INLIS000000000001100 Ind  a0010-0722000649 aKumpulan Lengkap Cerita Rakyat NusantaracGibran Maulana aSurabayabKarya Gemilang Utama a128c16,5 x 24 cm a398 GIB k a398 aFolklor aDI.1373 aDI.1717